Normal view MARC view
  • An introduction to Theory of Numbers

Entry Topical Term

Number of records used in: 1

001 - CONTROL NUMBER

  • control field: 123363

003 - CONTROL NUMBER IDENTIFIER

  • control field: NUST

005 - DATE AND TIME OF LATEST TRANSACTION

  • control field: 20240607142626.0

008 - FIXED-LENGTH DATA ELEMENTS

  • fixed length control field: 240607|| aca||aabn | a|a d

040 ## - CATALOGING SOURCE

  • Original cataloging agency: NUST
  • Transcribing agency: NUST

150 ## - HEADING--TOPICAL TERM

  • Topical term or geographic name entry element: An introduction to Theory of Numbers

670 ## - SOURCE DATA FOUND

  • Source citation: Work cat.: (NUST): Hardy, G.H 39147, An introduction to Theory of Numbers, 2004.
© 2023 Central Library, National University of Sciences and Technology. All Rights Reserved.